Diagnostic problems and prognostic factors in prostate cancer

Elmentve itt :
Bibliográfiai részletek
Szerző: Tarján Miklós
További közreműködők: Cserni Gábor (Témavezető)
Dokumentumtípus: Disszertáció
Megjelent: 2014-04-23
Tárgyszavak:
doi:10.14232/phd.2172

mtmt:2782613
Online Access:http://doktori.ek.szte.hu/2172
LEADER 00912nta a2200217 i 4500
001 dokt2172
005 20200331115124.0
008 140408s2014 hu om 0|| eng d
024 7 |a 10.14232/phd.2172  |2 doi 
024 7 |a 2782613  |2 mtmt 
040 |a SZTE Doktori Repozitórium  |b hun 
041 |a eng 
100 1 |a Tarján Miklós 
245 1 0 |a Diagnostic problems and prognostic factors in prostate cancer  |h [elektronikus dokumentum] /  |c  Tarján Miklós 
246 1 0 |a Diagnosztikus problémák és prognosztikai faktorok prosztatarákban  |h [elektronikus dokumentum] 
260 |c 2014-04-23 
502 |a Disszertacio 
650 4 |a elméleti orvostudományok 
700 1 |a Cserni Gábor  |e ths 
856 4 0 |u https://doktori.bibl.u-szeged.hu/id/eprint/2172/1/Tarjan_Mikkos_dr_tezis.pdf  |z Dokumentum-elérés  
856 4 0 |u https://doktori.bibl.u-szeged.hu/id/eprint/2172/2/Tarjan_Miklos_dr_magyar_tezisfuzet.pdf  |z Dokumentum-elérés